| 000 -CABECERA |
| campo de control de longitud fija |
01449nib a2200325ua 4500 |
| 001 - NÚMERO DE CONTROL |
| campo de control |
000083432 |
| 003 - IDENTIFICADOR DEL NÚMERO DE CONTROL |
| campo de control |
OSt |
| 005 - FECHA Y HORA DE LA ÚLTIMA TRANSACCIÓN |
| campo de control |
20230918172333.0 |
| 008 - DATOS DE LONGITUD FIJA--INFORMACIÓN GENERAL |
| campo de control de longitud fija |
170809s1994 ck 042|e| ||| z|spa|d |
| 040 ## - FUENTE DE LA CATALOGACIÓN |
| Centro/agencia transcriptor |
CO-MqBPB |
| 041 ## - CÓDIGO DE LENGUA |
| Código de lengua del texto/banda sonora o título independiente |
spa |
| 043 ## - CÓDIGO DE ÁREA GEOGRÁFICA |
| Código de área geográfica |
s-ck-- |
| 082 04 - NÚMERO DE LA CLASIFICACIÓN DECIMAL DEWEY |
| Número de clasificación |
860.248 |
| Número de documento/Ítem |
R65p |
| 100 1# - ENTRADA PRINCIPAL--NOMBRE DE PERSONA |
| Nombre de persona |
Romano de Sant'Anna, Affonso |
| Fechas asociadas al nombre |
1937- |
| 245 10 - MENCIÓN DE TÍTULO |
| Título |
El poeta y su perplejidad ante la historia : |
| Resto del título |
[disco sonoro] / |
| Mención de responsabilidad, etc. |
Valencia Goelkel Hernando;. |
| 260 ## - PUBLICACIÓN, DISTRIBUCIÓN, ETC. |
| Lugar de publicación, distribución, etc. |
Bogotá : |
| Nombre del editor, distribuidor, etc. |
Casa de Poesía Silva, |
| Fecha de publicación, distribución, etc. |
1994. |
| 300 ## - DESCRIPCIÓN FÍSICA |
| Extensión |
1 disco compacto : |
| Otras características físicas |
sonido |
| Material acompañante/anejo |
(42 mininutos aprox.) |
| 490 #0 - MENCIÓN DE SERIE |
| Mención de serie |
Voces para el tiempo |
| Designación de volumen o secuencia |
248 |
| 500 ## - NOTA GENERAL |
| Nota general |
21 de Abril de 1994 |
| 508 ## - NOTA DE CRÉDITOS DE CREACIÓN O PRODUCCIÓN |
| Nota de créditos de creación o producción |
Proyecto, realización y diseños Pedro Alejo Gómez Vila ; digitalización y edición sonora Luis Guillermo Aza Torres |
| 511 1# - NOTA DE PARTICIPANTES O INTÉRPRETES |
| Nota de participantes o intérpretes |
María Mercedes Carranza (Anunciadora), Affonso Romano de Sant'anna (conferencista) |
| 546 ## - NOTA DE LENGUA/LENGUAJE |
| Nota de lengua/lenguaje |
Audio en español y portugués |
| 600 14 - PUNTO DE ACCESO ADICIONAL DE MATERIA--NOMBRE DE PERSONA |
| Nombre de persona |
Cote Lamus, Eduardo |
| Fechas asociadas al nombre |
1928-1964 |
| Subdivisión de forma |
Congresos, conferencias, etc. |
| Subdivisión general |
Crítica e interpretación |
| Subdivisión de forma |
Discos compactos |
| 650 14 - PUNTO DE ACCESO ADICIONAL DE MATERIA--TÉRMINO DE MATERIA |
| Término de materia o nombre geográfico como elemento de entrada |
Poesía brasileña |
| Subdivisión general |
Historia y crítica |
| Subdivisión de forma |
Congresos, conferencias, etc. |
| 650 14 - PUNTO DE ACCESO ADICIONAL DE MATERIA--TÉRMINO DE MATERIA |
| Término de materia o nombre geográfico como elemento de entrada |
Literatura brasileña |
| Subdivisión general |
Historia y crítica |
| Subdivisión de forma |
Congresos, conferencias, etc. |
| 650 24 - PUNTO DE ACCESO ADICIONAL DE MATERIA--TÉRMINO DE MATERIA |
| Término de materia o nombre geográfico como elemento de entrada |
Poetas brasileños |
| Subdivisión de forma |
Congresos, conferencias, etc. |
| 650 24 - PUNTO DE ACCESO ADICIONAL DE MATERIA--TÉRMINO DE MATERIA |
| Término de materia o nombre geográfico como elemento de entrada |
Historia en la literatura |
| Subdivisión de forma |
Congresos, conferencias, etc. |
| 650 24 - PUNTO DE ACCESO ADICIONAL DE MATERIA--TÉRMINO DE MATERIA |
| Término de materia o nombre geográfico como elemento de entrada |
Lectura de poemas |
| Subdivisión de forma |
Congresos, conferencias, etc. |
| 942 ## - ELEMENTOS DE PUNTO DE ACCESO ADICIONAL (KOHA) |
| Fuente del sistema de clasificación o colocación |
|
| Tipo de ítem Koha |
CDROM |